000 00412nmm a2200145Ia 4500
008 251105s9999||||xx |||||||||||||||||und||
041 _aspa
100 _aArgüello Alonso, Elías
245 0 _aEl tiempo detenido
264 _a[Madrid, España] :
_bLetras de Autor,
_c2015
300 _a234 páginas
650 _aSpanish narrative
856 _uhttps://public.digitaliapublishing.com/a/87681
942 _cCF
999 _c105415
_d105415